[Event "FRA-ch U10"]
[Site "Le Grand Bornand"]
[Date "2003.??.??"]
[Round "1.2"]
[White "Agasse Lafont, Thomas"]
[Black "Hetier, Stanislas"]
[Result "0-1"]
[WhiteElo "1370"]
[BlackElo "1880"]
[PlyCount "34"]
[EventDate "2003.??.??"]
[EventType "swiss"]
[EventRounds "9"]
[EventCountry "FRA"]
[SourceTitle "EXT 2004"]
[Source "ChessBase"]
[SourceDate "2003.11.25"]
[SourceVersion "1"]
[SourceVersionDate "2003.11.25"]
[SourceQuality "1"]

1. e4 c5 2. Bc4 Nc6 3. Nf3 Nf6 4. Nc3 g6 5. Ng5 e6 6. Qe2 d6 7. 0-0 Bg7 8. d3 Nd4 9. Qd2 0-0 10. Nb5 d5 11. Bb3 Nxb5 12. e5 Nd7 13. a4 Nd4 14. Re1 Nxe5 15. Ba2 h6 16. Nh3 Nef3+ 17. gxf3 Nxf3+ 0-1

[Event "FRA-ch U10"]
[Site "Le Grand Bornand"]
[Date "2003.??.??"]
[Round "3.2"]
[White "Dubois, Vincent"]
[Black "Hetier, Stanislas"]
[Result "0-1"]
[WhiteElo "1470"]
[BlackElo "1880"]
[PlyCount "114"]
[EventDate "2003.??.??"]
[EventType "swiss"]
[EventRounds "9"]
[EventCountry "FRA"]
[SourceTitle "EXT 2004"]
[Source "ChessBase"]
[SourceDate "2003.11.25"]
[SourceVersion "1"]
[SourceVersionDate "2003.11.25"]
[SourceQuality "1"]

1. e4 c5 2. Nf3 Nc6 3. d4 cxd4 4. Nxd4 g6 5. Nc3 Bg7 6. Ndb5 a6 7. Na3 Nf6 8. Bd3 0-0 9. 0-0 b5 10. Nd5 Bb7 11. c4 bxc4 12. Nxc4 Nxd5 13. exd5 Ne5 14. Nxe5 Bxe5 15. Bh6 Bg7 16. Bxg7 Kxg7 17. Qa4 e6 18. Qd4+ Kg8 19. dxe6 dxe6 20. Qxd8 Rfxd8 21. Rad1 Rac8 22. h3 Rd7 23. Rfe1 Rcd8 24. Bc2 Bd5 25. a3 Rb7 26. b4 Ra8 27. Rd4 Rc7 28. Re2 Rac8 29. Bd3 Ra8 30. Rc2 Rca7 31. Bc4 Rc8 32. Rd1 Rd8 33. Rb1 Rc8 34. Rbc1 Rac7 35. Bd3 Rxc2 36. Rxc2 Rxc2 37. Bxc2 Bc4 38. Kh2 Kg7 39. Kg3 Kf6 40. f4 Ke7 41. Kg4 h6 42. Kh4 f5 43. g4 Kf7 44. g5 h5 45. Kg3 Ke7 46. Kf3 Kd6 47. Ke3 Kd5 48. Bd3 Bxd3 49. Kxd3 e5 50. fxe5 Kxe5 51. Ke3 Kd5 52. Kd3 Kc6 53. Kd4 Kb5 54. Ke5 Ka4 55. Kd4 Kxa3 56. Kc3 f4 57. Kd2 Kxb4 0-1

[Event "FRA-ch U10 playoff"]
[Site "Hyeres"]
[Date "2002.04.14"]
[Round "10.2"]
[White "Baudson, Charles"]
[Black "Hetier, Stanislas"]
[Result "1-0"]
[WhiteElo "1760"]
[BlackElo "1410"]
[PlyCount "61"]
[EventDate "2002.04.14"]
[EventType "match"]
[EventRounds "2"]
[EventCountry "FRA"]
[SourceTitle "EXT 2003"]
[Source "ChessBase"]
[SourceDate "2002.11.25"]
[SourceVersion "1"]
[SourceVersionDate "2002.11.25"]
[SourceQuality "1"]

1. e4 e5 2. Nf3 Nc6 3. Bc4 Nf6 4. d4 exd4 5. 0-0 d6 6. Nxd4 Be7 7. Nxc6 bxc6 8. Nc3 0-0 9. Bf4 Bb7 10. e5 Ne8 11. Re1 d5 12. Bb3 Kh8 13. Bg3 Bb4 14. Qf3 d4 15. Red1 Qd7 16. a3 Bc5 17. Ne4 Be7 18. Qh5 f5 19. Ng5 Bxg5 20. Qxg5 c5 21. e6 Qc6 22. Be5 Nf6 23. f3 h6 24. Qxf5 Nd7 25. Bxg7+ Kxg7 26. Qg4+ Kh8 27. exd7 Rad8 28. c3 c4 29. Qxd4+ Kh7 30. Bxc4 Qf6 31. Qxa7 1-0

[Event "FRA-ch U10"]
[Site "Hyeres"]
[Date "2002.??.??"]
[Round "8.5"]
[White "Khalifa, Alexandre1111"]
[Black "Hetier, Stanislas"]
[Result "0-1"]
[WhiteElo "1450"]
[BlackElo "1410"]
[PlyCount "106"]
[EventDate "2002.04.05"]
[EventType "swiss"]
[EventRounds "9"]
[EventCountry "FRA"]
[SourceTitle "EXT 2003"]
[Source "ChessBase"]
[SourceDate "2002.11.25"]
[SourceVersion "1"]
[SourceVersionDate "2002.11.25"]
[SourceQuality "1"]

1. d4 d5 2. Nf3 Nf6 3. Bf4 Nc6 4. e3 Bf5 5. Bb5 a6 6. Bxc6+ bxc6 7. Ne5 c5 8. c3 cxd4 9. exd4 e6 10. Qa4+ Nd7 11. Nxd7 Qxd7 12. Qxd7+ Kxd7 13. Nd2 Rb8 14. Nb3 Be7 15. Rc1 a5 16. Nxa5 Rxb2 17. c4 Rxa2 18. Nb3 Rb8 19. Nd2 Ba3 20. 0-0 Bxc1 21. Rxc1 Rbb2 22. Nf3 dxc4 23. Ne5+ Ke7 24. Nxc4 Rc2 25. Rxc2 Rxc2 26. Ne5 Ra2 27. h3 f6 28. Nc6+ Kd7 29. Nb8+ Kc8 30. Nc6 Kb7 31. Nd8+ Kb6 32. g4 Ra8 33. gxf5 Rxd8 34. fxe6 Re8 35. d5 Kc5 36. Bxc7 Kxd5 37. f4 Kxe6 38. Kf2 Rc8 39. Bb6 Rc3 40. Be3 Kf5 41. Kf3 h6 42. h4 h5 43. Ke2 Kg4 44. Bd4 Rh3 45. Bf2 Kxf4 46. Kf1 g5 47. Kg2 Rb3 48. Bd4 Rg3+ 49. Kh2 Rg4 50. Bxf6 Rxh4+ 51. Kg2 Rg4+ 52. Kh2 Kf3 53. Kh3 Rh4# 0-1

[Event "FRA-ch U10"]
[Site "Hyeres"]
[Date "2002.??.??"]
[Round "2.6"]
[White "Tosello, Mickael"]
[Black "Hetier, Stanislas"]
[Result "1-0"]
[WhiteElo "1660"]
[BlackElo "1410"]
[PlyCount "175"]
[EventDate "2002.04.05"]
[EventType "swiss"]
[EventRounds "9"]
[EventCountry "FRA"]
[SourceTitle "EXT 2003"]
[Source "ChessBase"]
[SourceDate "2002.11.25"]
[SourceVersion "1"]
[SourceVersionDate "2002.11.25"]
[SourceQuality "1"]

1. e4 e5 2. Nf3 Nc6 3. Bb5 a6 4. Ba4 Nf6 5. 0-0 b5 6. Bb3 d6 7. Re1 Be7 8. c3 0-0 9. h3 Bb7 10. d4 exd4 11. cxd4 a5 12. Nbd2 a4 13. Bc2 Nb4 14. Bb1 c5 15. Nf1 Qd7 16. Ng3 Rac8 17. a3 Na6 18. Bg5 h6 19. Be3 Rfe8 20. d5 Bd8 21. Qd2 Nh7 22. Nf5 Bf6 23. Bf4 Be7 24. Nh2 h5 25. Nf1 g6 26. Nxe7+ Qxe7 27. Nh2 Rcd8 28. Nf3 Bc8 29. Ng5 Rd7 30. Nxh7 Kxh7 31. e5 dxe5 32. Rxe5 Qf8 33. Rxh5+ Kg8 34. Rh6 Qe7 35. Bc2 Qf6 36. Rb1 Nc7 37. Bxc7 Rxc7 38. g3 Bf5 39. Qf4 Rce7 40. Bxf5 Qxf5 41. Qxf5 gxf5 42. Rc6 Re1+ 43. Rxe1 Rxe1+ 44. Kg2 Rb1 45. d6 Rd1 46. Kf3 c4 47. Kf4 Rd5 48. g4 fxg4 49. hxg4 f6 50. Ke4 Rd1 51. Kf5 Kf7 52. Rb6 Rd5+ 53. Ke4 Rg5 54. f3 Ke6 55. d7+ Kxd7 56. Rxf6 Ke7 57. Rb6 Kf7 58. f4 Rxg4 59. Rxb5 Rg2 60. Ke5 Rh2 61. f5 Rh5 62. Rb7+ Kf8 63. Ke6 Rh1 64. Kd5 Rc1 65. Rb4 Rd1+ 66. Kxc4 Rf1 67. Rxa4 Rf4+ 68. Kb5 Rxf5+ 69. Kc6 Rf6+ 70. Kd5 Rb6 71. b4 Ke7 72. Kc5 Rh6 73. Ra7+ Kd8 74. b5 Rh5+ 75. Kb6 Rh6+ 76. Ka5 Kc8 77. b6 Rh5+ 78. Ka6 Rh3 79. b7+ Kc7 80. a4 Rh6+ 81. Ka5 Rb6 82. b8Q+ Kxb8 83. Kxb6 Kc8 84. Rb7 Kd8 85. a5 Kc8 86. a6 Kd8 87. a7 Kc8 88. a8Q# 1-0